Państwa z największą liczbą medali olimpijskich w pływaniu - Statystyki

Ogólne statystyki
  • Ten quiz został rozwiązany 2 247 razy
  • Średni wynik to 12 z 16
Statystyki odpowiedzi
Z S B Łącznie Państwo % Poprawnych
265 192 151 608 Stany Zjednoczone
100%
18 24 19 61 Chiny
95%
12 17 22 51 Francja
94%
12 20 31 63 Kanada
93%
7 11 10 28 Rosja
92%
24 28 32 84 Japonia
91%
21 35 31 87 Wielka Brytania
91%
76 79 77 232 Australia
87%
7 8 20 35 Włochy
86%
11 16 14 41 Szwecja
72%
23 21 21 65 Holandia
65%
18 24 27 69 Związek Radziecki
+ Wspólna reprezentacja w 1992
59%
8 8 6 22 Republika Południowej Afryki
53%
32 28 21 81 Węgry
50%
38 32 22 92 Niemiecka Republika Demokratyczna
44%
19 30 52 101 Niemcy
+ RFN
43%
Nie znaleziono quizów pasujących do podanych kryteriów
Rozkład punktacji
Procent ludzi z każdym wynikiem
Percentyl według liczby udzielonych odpowiedzi
Twoja historia wyników
Nie rozwiązałeś tego quizu